[Event "Novokuznetsk SFO-ch U17"]
[Site "Novokuznetsk"]
[Date "2014.11.08"]
[Round "7"]
[White "Bicheldey, Aiyzhy"]
[Black "Datsiy, Sergey"]
[Result "0-1"]
[WhiteElo "700"]
[BlackElo "800"]
[PlyCount "64"]
[EventDate "2014.11.02"]
[EventType "swiss"]
[EventRounds "9"]
[EventCountry "RUS"]
[SourceTitle "CBM 163 Extra"]
[Source "ChessBase"]
[SourceDate "2014.12.23"]
[SourceVersion "1"]
[SourceVersionDate "2014.12.23"]
[SourceQuality "1"]

1. e4 c5 2. Nf3 Nc6 3. d4 cxd4 4. Nxd4 Nf6 5. Nc3 e5 6. Nxc6 bxc6 7. Be3 Bb4 8. Qd2 Nxe4 9. Qd3 d5 10. 0-0-0 Bxc3 11. bxc3 Qa5 12. c4 Nc3 13. Re1 Rb8 14. Kd2 Ne4+ 15. Ke2 Ba6 16. Bd2 Nxd2 17. Qxd2 Bxc4+ 18. Ke3 d4+ 19. Qxd4 exd4+ 20. Kxd4+ Be6 21. Bd3 0-0 22. h4 Rbd8+ 23. Ke3 Rfe8 24. f3 Bc4+ 25. Kf2 Qd2+ 26. Kg3 Rxe1 27. Rxe1 Qxe1+ 28. Kf4 Bxd3 29. cxd3 Rd4+ 30. Kf5 g6+ 31. Kg5 h6+ 32. Kxh6 Qxh4# 0-1